XXV Дашковские чтения, 25 мая 2021 г., г. Санкт-Петербург (Запись № 12500842)

Подробности
000 -МАРКЕР
контрольное поле 03382nam0a2200385 4500
001 - ИДЕНТИФИКАТОР ЗАПИСИ
контрольное поле RU\NLR\BIBL_A\022017098
005 - ИДЕНТИФИКАТОР ВЕРСИИ
контрольное поле 20231017161002.0
010 ## - МЕЖДУНАРОДНЫЙ СТАНДАРТНЫЙ НОМЕР КНИГИ (ISBN)
Номер (ISBN) 978-5-9631-1039-3
Тираж 200
021 ## - НОМЕР ГОСУДАРСТВЕННОЙ РЕГИСТРАЦИИ
Код страны Российская Федерация
Номер КН-П-23-048445
Номер Листа государственной регистраци КН-П-23-4852
035 ## - ДРУГИЕ СИСТЕМНЫЕ НОМЕРА
Идентификатор записи (NLR Aleph) 022017098
035 ## - ДРУГИЕ СИСТЕМНЫЕ НОМЕРА
Идентификатор записи (RuMoRGB)011988250
100 ## - ДАННЫЕ ОБЩЕЙ ОБРАБОТКИ
Данные общей обработки 20230901d2023 k y0rusy50 ca
101 0# - ЯЗЫК РЕСУРСА
Язык текста, звукозаписи и т.д. русский
102 ## - СТРАНА ПУБЛИКАЦИИ ИЛИ ПРОИЗВОДСТВА
Страна публикации Российская Федерация
105 ## - ПОЛЕ КОДИРОВАННЫХ ДАННЫХ: ТЕКСТОВЫЕ МАТЕРИАЛЫ, МОНОГРАФИЧЕСКИЕ
Кодированные данные о монографическом текстовом документе ach|z|||110zy
181 #0 - ПОЛЕ КОДИРОВАННЫХ ДАННЫХ: ВИД СОДЕРЖАНИЯ
Код вида содержания (ISBD) i
Код характеристики содержания (ISBD) axxe
182 #0 - ПОЛЕ КОДИРОВАННЫХ ДАННЫХ: ТИП СРЕДСТВА
Код типа средства (ISBD) n - непосредственное
200 1# - ЗАГЛАВИЕ И СВЕДЕНИЯ ОБ ОТВЕТСТВЕННОСТИ
Основное заглавие XXV Дашковские чтения, 25 мая 2021 г., г. Санкт-Петербург
Сведения, относящиеся к заглавию сборник статей
Первые сведения об ответственности Санкт-Петербургское государственное бюджетное учреждение "Музей "Нарвская застава"
203 ## - ВИД СОДЕРЖАНИЯ И ТИП СРЕДСТВА
Вид содержания Текст
Дополнительные сведения об издании визуальный
Тип средства непосредственный
210 ## - ПУБЛИКАЦИЯ, РАСПРОСТРАНЕНИЕ И ДР.
Место издания, распространения и т.д. Санкт-Петербург
Имя издателя, распространителя и т. д. СПб ГБУ "Музей "Нарвская застава"
Дата издания, распространения и т.д. 2023
215 ## - ФИЗИЧЕСКАЯ ХАРАКТЕРИСТИКА
Специфическое обозначение материала и объем 227 с.
Другие сведения о физической характеристике ил., цв. ил., портр., факс.
Размеры 22
320 ## - ПРИМЕЧАНИЯ О НАЛИЧИИ В ДОКУМЕНТЕ БИБЛИОГРАФИИ / УКАЗАТЕЛЯ
Текст примечания Библиогр. в примеч. в конце ст.
330 ## - РЕЗЮМЕ ИЛИ РЕФЕРАТ
Текст примечания Сборник подготовлен по материалам докладов, прочитанных на юбилейных XXV Международных Дашковских чтениях, состоявшихся 25 мая 2021 г. в Санкт-Петербурге, в усадебном доме княгини Е. Р. Дашковой. На Чтениях рассматривались темы, связанные с жизнью и деятельностью выдающегося деятеля эпохи Просвещения княгини Е. Р. Дашковой, семей Воронцовых и Воронцовых-Дашковых, с их вкладом в историю и культуру России, с историей их имений, с современниками княгини Дашковой. Участниками XXV Дашковских чтений были члены Дашковского и Воронцовского обществ, сотрудники научно-исследовательских институтов Российской Академии наук, музеев, высших и средних учебных заведений Москвы, Санкт-Петербурга, Ленинградской, Калужской областей, Республики Беларусь. Сборник статей предназначен для широкого круга читателей, интересующихся историей и культурой России XVIII-XIX вв
600 #1 - ИМЯ ЛИЦА КАК ПРЕДМЕТ
Начальный элемент ввода Дашкова
Часть имени, кроме начального элемента ввода Е. Р.
Даты 1743 - 1810
Расширение инициалов личного имени Екатерина Романовна
Формальный подзаголовок Съезды, совещания и т.п
Системный номер авторитетной/нормативной записи 921920
Идентификатор авторитетной/нормативной записи RU\NLR\AUTH\66338130
602 ## - РОДОВОЕ ИМЯ КАК ПРЕДМЕТ
Начальный элемент ввода Воронцовы-Дашковы (род)
Формальный подзаголовок Съезды, совещания и т.п
-- 2283628
Идентификатор авторитетной/нормативной записи RU\NLR\AUTH\661368053
675 ## - УНИВЕРСАЛЬНАЯ ДЕСЯТИЧНАЯ КЛАССИФИКАЦИЯ (UDC/УДК)
Индекс 94(47+57)"17/18"(082)
Издание 4
686 1# - ИНДЕКСЫ ДРУГИХ КЛАССИФИКАЦИЙ
Индекс Т3(2)464-8я431
686 1# - ИНДЕКСЫ ДРУГИХ КЛАССИФИКАЦИЙ
Индекс Т214(2)0-2я431
710 12 - НАИМЕНОВАНИЕ ОРГАНИЗАЦИИ - ПЕРВИЧНАЯ ОТВЕТСТВЕННОСТЬ
Начальный элемент ввода Международные Дашковские чтения
Порядковый номер временной организации и / или порядковый номер ее части 25
Место проведения временной организации Санкт-Петербург
Дата проведения временной организации 2021
Системный номер авторитетной/нормативной записи 859687
Идентификатор авторитетной/нормативной записи RU\NLR\AUTH\880597321
942 ## - ДОПОЛНИТЕЛЬНЫЕ ЭЛЕМЕНТЫ ЗАПИСИ (АБИС)
Тип экземпляра АБИС Книга
980 ## - КОЛЛЕКЦИЯ
Название коллекции Национальная библиография
Экземпляры
Тип экземпляра Дата поступления Источник поступления Библиотека постоянного хранения Библиотека текущего хранения Место хранения Шифр хранения Штрих-код Статус экземпляра
Книга 01.09.2023 Обязательный экземпляр РНБ (Московский) РНБ (Московский) Русский книжный фонд: издания с 1957 года 2023-5/6880 1-4325287  
Книга 01.09.2023 Обязательный экземпляр РНБ (Московский) РНБ (Московский) Русский книжный фонд: издания с 1957 года 2023-5/6880 1-4325288